| 000 | 00903cab a2200229 4500 | ||
|---|---|---|---|
| 001 | ABS50929 | ||
| 008 | 090401t1994 xxu||||| |||| 00| 0 eng d | ||
| 035 | _a(Sirsi) u2055 | ||
| 041 | _aeng | ||
| 100 | _aJohnston, B. | ||
| 245 | _aCouncil choice is no choice on own fees | ||
| 260 | _c1994 | ||
| 350 | _a0 | ||
| 490 |
_aPlanning (for the Natural and Built Environment) _v(1072) 10 June 1994, 26-27(2) |
||
| 520 | _aAn examination of DOE consultation paper "Planning application fees", warning local authorities that their scope for manoeuvre may actually be reduced, under the guise of allowing them greater discretion in the exercise of their statutory duties. Consultation paper open for comment until August 1994. | ||
| 650 | _aFEES | ||
| 650 | _aPLANNING APPLICATION FEES | ||
| 650 | _aPLANNING APPLICATIONS | ||
| 690 | _aPLANNING LAW AND PRACTICE | ||
| 942 | _n0 | ||
| 948 | _c04/03/1997 | ||
| 999 |
_c1227 _d1227 |
||